000 01319nam a2200229Ia 4500
003 Ost
005 20260416102351.0
008 260416s9999||||xx |||||||||||||| ||und||
040 _cfsecg
041 _aara
082 _a1.6404
100 _aيعلى، عادل
_eمؤلف
245 0 _aمحاضرات في خوارزميات الإعلام الآلي :
_bمدعمة بأمثلة وتمارين محلولة /
_c عادل يعلى
260 _aالجزائر
_bجامعة الجزائر3: كلية العلوم الإقتصادية، العلوم التجارية وعلوم التسيير
_c2017
300 _a85 ورقة
_bايضاحات
_c30 سم
504 _aمراجع ص.80؛ ملاحق ص.83
520 _aمقدمة في الخوارزميات، أشباه الأكواد والمخططات الهيكلية، لغة الخوارزميات، التعليمات البسيطة، التعليمة الشرطية، التعليمات التكرارية، خوارزميات الجداول والتوابع وتطبيقاتها
653 _aالإعلام الألي
653 _aالحاسبات الإلكترونية
710 _aجامعة الجزائر3: كلية العلوم الإقتصادية، العلوم التجارية وعلوم التسيير
_eناشر علمي
942 _cHANDOUT
999 _c41026
_d41026